Most Expensive Footballers by age - Statistics

General Stats
  • This quiz has been taken 105 times
    74 since last reset
  • The average score is 6 of 27
Answer Stats
Age Price Answer % Correct
33 £105.3m Cristiano Ronaldo
98%
20 £158m Kylian Mbappe
86%
21 £74.9m Neymar
82%
25 £198m Neymar
82%
23 £89m Paul Pogba
60%
24 £97m Ousmane Dembele
42%
29 £46.6m Zinedine Zidane
33%
17 £15m Sergio Aguero
25%
26 £75m Virgil Van Dijk
25%
28 £76.5m Gonzalo Higuain
21%
19 £36m Anthony Martial
12%
18 £31m Luke Shaw
11%
36 £1.4m David James
7%
30 £46.4m Hulk
7%
16 £39m Vinicius Junior
5%
27 £69.4m Luis Suarez
4%
40 £85k Bogdan Stelea
2%
15 £2.7m Fran Merida
2%
31 £27.6m Gabriel Batistuta
2%
22 £47m John Stones
2%
38 £765k Marko Simeunovic
2%
14 £2m Sheyi Ojo
2%
37 £2.1m Brad Friedel
0%
39 £340k Craig Brewster
0%
34 £4.2m Lilian Thuram
0%
32 £7.6m Shay Given
0%
35 £3.4m Ze Roberto
0%
No matching quizzes found
Score Distribution
Percent of People with Each Score
Percentile by Number Answered
Your Score History
You have not taken this quiz since the last reset